|
|
|
|
| LEADER |
00000naa a2200000uu 4500 |
| 001 |
vtls011085505 |
| 003 |
SK-MaSNL |
| 005 |
20260302105211.0 |
| 008 |
220810|2003 xo |||||||||||||||||cze| |
| 015 |
|
|
|a SNBRA
|
| 035 |
|
|
|a (urnnbn)urn:nbn:sk:snk:ar-a0cm2b
|
| 035 |
|
|
|a (uuid)309dd852-90ca-4be4-82e7-63c5c88b9d09
|
| 035 |
|
|
|a urn:nbn:sk:snk-aavry2
|
| 040 |
|
|
|a SNKBUCL
|b slo
|c SNKBUCL
|e AACR2
|
| 041 |
0 |
|
|a cze
|
| 044 |
|
|
|a xo
|c SK
|
| 100 |
1 |
|
|a Kabíček, Jan
|4 aut
|9 548021
|
| 245 |
1 |
0 |
|a Společenstva roztočů čeledi Phytoseiidae na jabloních v opuštěných sadech
|c Jan KABÍČEK
|
| 246 |
3 |
|
|a Phytoseiid mite communities on apple trees in abandoned orchards
|
| 773 |
0 |
|
|t XVI. slovenská a česká konferencia o ochrane rastlín
|d V Nitre : Slovenská poľnohospodárska univerzita, 2003
|g S. 182-183
|z 8080692351
|
| 954 |
|
|
|a odborná, vedecká literatúra cudzojazyčná (svetová)
|2 lita
|
| 958 |
|
|
|a OND
|
| 958 |
|
|
|a article12
|
| 958 |
|
|
|a chapter
|
| 999 |
|
|
|c 1237754
|d 1239684
|